000 00696cam a2200253 4500
008 090401t1995 xxu||||| |||| 00| 0 eng d
020 _a0863421911
035 _a(Sirsi) u14689
041 _aeng
050 _a711.4
100 _aThomas, W.K.
245 4 _aThe supply and demand for town planners in Britain in the 1980s and 1990s.
260 _aOxford
_bOxford Brookes University
_c1995
300 _av,56p. ; 30cm.
350 _a4
490 _aWorking Paper
_v155
650 _aSUPPLY AND DEMAND
650 _aTOWN PLANNERS
650 _aTOWN PLANNING
690 _aPLANNING LAW AND PRACTICE
710 _aOxford Brookes University
_9281
942 _n0
948 _c04/03/1997
999 _c87203
_d87203